Score 0/62 Timer 07:00
0 Plays Today
Number of Lines Character % Correct
385Lady Mary Crawley
98.5%
465Robert Crawley, Earl of Grantham
98%
360Mr. Matthew Crawley
96.6%
224Mr. Tom Branson
96.5%
256Cora Crawley, Countess of Grantham
96.4%
60Lady Sybil Branson
96.4%
277Violet Crawley, Dowager Countess of Grantham
96.3%
291Mr. Charles Carson
95.7%
238Lady Edith Crawley
95.6%
206Mrs. Isobel Crawley
94.7%
267Mrs. Elsie Hughes
94.5%
169Mr. Thomas Barrow
94.4%
180Mrs. Anna Bates
93.5%
41Hugh 'Shrimpie' MacClare, Marquess of Flintshire
93%
153Mr. John Bates
92.9%
126Miss Sarah O'Brien
92.7%
186Mrs. Beryl Patmore
92.4%
102Daisy Mason
89.9%
157Alfred Nugent
89.9%
59Lady Rose MacClare
89.6%
147James 'Jimmy' Kent
88.1%
87Dr. Richard Clarkson
87.9%
4Mr. William Molesley
85%
62Ivy Stuart
84.2%
80Ethel Parks
83.6%
63Mr. Joseph Molesley
82.9%
42Susan MacClare, Marchioness of Flintshire
82.6%
22Lady Rosamund Painswick
79.9%
50Sir Anthony Strallan
77.8%
76Mrs. Martha Levinson
75.7%
49Mr. Michael Gregson
74.4%
Number of Lines Character % Correct
31Mr. George Murray
74.4%
5Mr. Mason
72.6%
15Mrs. Daphne Bryant
69.7%
10Mr. Horace Bryant
69.6%
25Edna Braithwaite
69.1%
7Kieran Branson
68.8%
9Mrs. May Bird
68.1%
41Sir Philip Tapsell
66.5%
14Reverend Albert Travis
65.6%
4Richard Grey, Viscount Merton
64.5%
5Cosmo Lang, Archbishop of York
62.7%
6Larry Grey
61.8%
16Miss Reed (Martha's Maid)
61.3%
19Craig
53.2%
16Miss Wilkins (Susan's Maid)
51.8%
3Mr. Mead (Rosamund's Butler)
51.8%
3Charlie Parks
51.1%
5Mr. Terence Margadale
47.8%
10Mr. Durrant
46.5%
4Dr. Ryder
44.8%
27Mr. Jos Tufton
44.6%
12Dent
43.7%
5Mr. McCree (Shrimpie's Butler)
43.3%
10Mr. Jarvis
42.6%
2Mavis
42.6%
3Mr. Charkham
42.4%
11Mr. Turner
42.1%
3Lady Manville
41.1%
8Mr. Nield
40.8%
13Mrs. Audrey Bartlett
39.2%
7Inspector Stanford
36.3%

You're not logged in!

Compare scores with friends on all Sporcle quizzes.
OR
Log In

Sporcle TV

Today on Sporcle TV


Watch our educational content, quiz creation guides, and fun videos on Sporcle TV.

Show Comments

Extras

Top Quizzes Today


Score Distribution

Paid Content

Your Account Isn't Verified!

In order to create a playlist on Sporcle, you need to verify the email address you used during registration. Go to your Sporcle Settings to finish the process.

Report this User

Report this user for behavior that violates our Community Guidelines.

Details: